Obchodovanie na derivátovom peňažnom trhu eurozóny v súčasnej globálnej kríze diplomová práca

Enregistré dans:
Détails bibliographiques
Auteur principal: Šimončič, Peter
Collectivité auteur: Národohospodárska fakulta EU. Katedra bankovníctva a medzinárodných financií
Autres auteurs: Malacká, Viera
Format: Livre
Langue:slovaque
Publié: Bratislava 2015
Tags: Ajouter un tag
Pas de tags, Soyez le premier à ajouter un tag!

MARC

LEADER 00000nbm a2200000 4500
001 0202559
005 20161212095640.3
041 0 |a slo 
044 |a SK 
245 1 0 |a Obchodovanie na derivátovom peňažnom trhu eurozóny v súčasnej globálnej kríze  |b diplomová práca  |c Peter Šimončič ; školiteľ: Viera Malacká 
264 1 |a Bratislava  |c 2015 
300 |a 89 s. 
100 1 |a Šimončič, Peter 
700 1 |a Malacká, Viera 
710 2 |a Národohospodárska fakulta EU. Katedra bankovníctva a medzinárodných financií